UBT Library

Macroeconomics / (Record no. 47360)

000 -LEADER
fixed length control field 00659cam a2200241 a 4500
001 - CONTROL NUMBER
control field 17110112
005 - DATE AND TIME OF LATEST TRANSACTION
control field 20180828042205.0
008 - FIXED-LENGTH DATA ELEMENTS--GENERAL INFORMATION
fixed length control field 120109s2013 mauab 001 0 eng
010 ## - LIBRARY OF CONGRESS CONTROL NUMBER
LC control number 2011053396
020 ## - INTERNATIONAL STANDARD BOOK NUMBER
International Standard Book Number 9780132832205
020 ## - INTERNATIONAL STANDARD BOOK NUMBER
International Standard Book Number 0132832208
040 ## - CATALOGING SOURCE
Original cataloging agency DLC
Transcribing agency DLC
Modifying agency DLC
041 ## - LANGUAGE CODE
Language code of text/sound track or separate title eng
042 ## - AUTHENTICATION CODE
Authentication code pcc
080 ## - UNIVERSAL DECIMAL CLASSIFICATION NUMBER
Universal Decimal Classification number 339
082 00 - DEWEY DECIMAL CLASSIFICATION NUMBER
Classification number 339
Edition number 23
100 1# - Rafti
Rafti 52
101 ## - Shkurtesa
Shkurtesa MIK
245 10 - TITLE STATEMENT
Title Macroeconomics /
Statement of responsibility, etc R. Glenn Hubbard, Anthony Patrick O'Brien.
906 ## - LOCAL DATA ELEMENT F, LDF (RLIN)
a 7
b cbc
c orignew
d 1
e ecip
f 20
g y-gencatlg
942 ## - ADDED ENTRY ELEMENTS (KOHA)
Source of classification or shelving scheme
Item type Books
Holdings
Withdrawn status Lost status Source of classification or shelving scheme Damaged status Not for loan Collection code Permanent location Current location Shelving location Date acquired Total Checkouts Full call number Barcode Date last seen Price effective from Koha item type
          Koleksioni i përgjithshem UBT - Lipjan UBT - Lipjan Koleksioni i përgjithshem 08/28/2018   339 PAT 002-3011960 08/28/2018 08/28/2018 Books
UBT Library © 2015-2024. All rights reserved University Education for Business and Technology